[Event "RUS-sf"]
[Site "Kazan"]
[Date "1995.??.??"]
[Round "9"]
[White "Kalegin, Evgenij"]
[Black "Shariyazdanov, Andrey"]
[Result "1-0"]
[WhiteElo "2475"]
[BlackElo "2475"]

1.e4 c5 2.Nf3 Nc6 3.Bb5 e6 4.O-O Nge7 5.Nc3 a6 6.Bxc6 Nxc6 7.d4 cxd4 8.Nxd4 Qc7
9.Re1 Bd6 10.Nd5 exd5 11.exd5+ Ne5 12.f4 O-O 13.fxe5 Bxe5 14.Nf3 Bf6 15.c3 b5
16.Bg5 Bxg5 17.Nxg5 h6 18.Nf3 Bb7 19.Qd4 Qd6 20.Rad1 Rfe8 21.Re5 Rac8  1-0

[Event "Kemerovo2"]
[Site "Kemerovo"]
[Date "1995.??.??"]
[Round "1"]
[White "Komliakov, Viktor"]
[Black "Mikhailov, V."]
[Result "1-0"]
[WhiteElo "2520"]
[BlackElo "2355"]

1.e4 c5 2.Nf3 Nc6 3.Bb5 g6 4.Bxc6 dxc6 5.h3 e5 6.d3 f6 7.a4 Nh6 8.a5 Nf7
9.Be3 Qe7 10.Nc3 Nd8 11.Na4 Ne6 12.c3 Qc7 13.O-O Bd6 14.d4 cxd4 15.cxd4 O-O
16.d5 Nf4 17.Rc1 Qd7 18.Bxf4 exf4 19.a6 cxd5 20.Qxd5+ Rf7 21.Rfd1 Qxa4 22.Qxd6 Qxa6
23.Qxf4 Bd7 24.Rd6 Bc6 25.Nd4 Raf8 26.Ne6 Re8 27.Nd8 Rff8 28.Nxc6 bxc6 29.Rcxc6 Qb5
30.Rc7 Qe5 31.Rdd7  1-0

[Event "Kemerovo2"]
[Site "Kemerovo"]
[Date "1995.??.??"]
[Round "10"]
[White "Komliakov, Viktor"]
[Black "Shuraev, Andrei"]
[Result "1-0"]
[WhiteElo "2525"]
[BlackElo "2395"]

1.e4 c5 2.Nf3 Nc6 3.Bb5 g6 4.Bxc6 bxc6 5.O-O Nf6 6.e5 Nd5 7.c4 Nc7 8.d4 cxd4
9.Qxd4 Bg7 10.Qh4 O-O 11.Bh6 f6 12.Bxg7 Kxg7 13.Nc3 Ne6 14.Rad1 fxe5 15.Nxe5 Qe8
16.Rfe1 Rf5 17.c5 Rb8 18.b3 a5 19.Qg3 Rb4 20.Ne4 Kg8 21.h4 Rf4 22.f3 Rf5
23.Rd2 Rd4 24.Rxd4 Nxd4 25.h5 Rxh5 26.Nxc6 Ne6 27.Nd4 Qf7 28.Qb8 Nxd4 29.Qxc8+ Kg7
30.Qxd7 Nxf3+ 31.gxf3 Qxf3 32.Qxe7+ Kh6 33.Nf2 Qg3+ 34.Kf1 Rf5 35.Re3  1-0

[Event "Platonov mem"]
[Site "Kiev"]
[Date "1995.??.??"]
[Round "2"]
[White "Baklan, Vladimir"]
[Black "Mochalov, Evgeny V"]
[Result "0-1"]
[WhiteElo "2490"]
[BlackElo "2470"]

1.e4 c5 2.Nf3 Nc6 3.Bb5 g6 4.Bxc6 dxc6 5.h3 Bg7 6.d3 Nf6 7.Nc3 Nd7 8.Be3 e5
9.Qd2 Qe7 10.O-O Nf8 11.Bh6 f6 12.Bxg7 Qxg7 13.Ne2 Ne6 14.c3 O-O 15.d4 Rd8
16.Qe3 cxd4 17.cxd4 exd4 18.Nexd4 Nxd4 19.Nxd4 c5 20.Nb5 Qe7 21.Rfe1 b6 22.a4 a6
23.Na3 Be6 24.e5 f5 25.Rad1 Rxd1 26.Rxd1 Rd8 27.Rxd8+ Qxd8 28.a5 Kg7 29.Kh2 h6
30.Qc3 Qc7 31.axb6 Qxb6 32.Nc2 f4 33.Ne1 c4 34.Kg1 g5 35.Nf3 a5 36.Qa3 Qb4
37.Qa1 Qc5 38.Qd1 Qd5 39.Qe1 Bxh3 40.Qc3 Be6 41.Qa3 Kf7 42.Qc3 g4 43.Nd2 Kg6
44.Qc2+ Qd3 45.Qc1 Bd5 46.Qe1 Kf5 47.Kh2 g3+ 48.fxg3 Qxg3+ 49.Qxg3 fxg3+
50.Kxg3 Kxe5 51.Nb1 Kd4 52.Kf2 Kd3 53.Nc3 Bf7 54.Nb5 Kc2 55.Nd6 Bd5 56.Ke3 Kxb2
57.Kd4 c3  0-1

[Event "Platonov mem"]
[Site "Kiev"]
[Date "1995.??.??"]
[Round "9"]
[White "Golubev, Mihail"]
[Black "Mochalov, Evgeny V"]
[Result "0-1"]
[WhiteElo "2525"]
[BlackElo "2470"]

1.e4 c5 2.Nf3 Nc6 3.Bb5 g6 4.O-O Bg7 5.c3 Nf6 6.e5 Nd5 7.d4 cxd4 8.cxd4 O-O
9.Nc3 Nc7 10.Re1 Nxb5 11.Nxb5 a6 12.Nc3 d6 13.exd6 Qxd6 14.d5 Ne5 15.Bf4 Nxf3+
16.Qxf3 Qb4 17.d6 Be6 18.dxe7 Qxe7 19.Ne4 Bd5 20.Qd3 Bc6 21.Bd6 Qd7 22.Qg3 Rfe8
23.Nc3 Rxe1+ 24.Rxe1 Re8 25.Rxe8+ Qxe8 26.h4 Qe1+ 27.Kh2 Bd4 28.Qg5 f6 29.Qg4 Bxf2
30.Qc8+ Qe8 31.Qg4 Qd7 32.Qf4 Qd8 33.Qg4 Qd7 34.Qf4 Bxh4 35.Qc4+ Kg7 36.Bb8 Bg5
37.Ne2 Qd5 38.Qg4 Qe4 39.Qg3 Qxe2  0-1

[Event "Kishinev Interzonal (Women)"]
[Site "Kishinev"]
[Date "1995.??.??"]
[Round "2"]
[White "Bojkovic, Natasa"]
[Black "Wang Lei"]
[Result "0-1"]
[WhiteElo "2425"]
[BlackElo "2290"]

1.e4 c5 2.Nf3 Nc6 3.Bb5 d6 4.d4 cxd4 5.Qxd4 Bd7 6.Bxc6 Bxc6 7.Bg5 Nf6 8.Bxf6 gxf6
9.Nc3 Rg8 10.Rg1 f5 11.Qd3 fxe4 12.Nxe4 Qa5+ 13.Nc3 Bg7 14.O-O-O Bxc3 15.bxc3 Rg6
16.Kb2 Qb5+ 17.Qxb5 Bxb5 18.Nd4 Bc4 19.f4 h5 20.g3 O-O-O 21.Rge1 e6 22.Nf3 Bd5
23.Ng5 Rf6 24.Rd4 Bc6 25.c4 Kc7 26.h4 Rd7 27.Rd3 Rf5 28.Rde3 Rc5 29.Nh7 Rf5
30.Ng5 Re7 31.Kb3 b6 32.R1e2 Bb7 33.Re1 Rc5 34.Rd1 Rd7 35.Ne4 Bxe4 36.Rxe4 Kd8
37.Rg1 Ke7 38.Rd4 Rdc7 39.Rgd1 b5 40.Rxd6 Rxc4 41.f5 a5 42.R6d3 Rb4+ 43.Ka3 Rxc2
44.fxe6 fxe6 45.Rd7+ Kf6 46.Rf1+ Kg6 47.Rf3 Ra4+ 48.Kb3 Rcxa2  0-1

[Event "Kishinev Interzonal (Women)"]
[Site "Kishinev"]
[Date "1995.??.??"]
[Round "2"]
[White "Cosma, Elena Luminita"]
[Black "Arakhamia, Ketevan"]
[Result "0-1"]
[WhiteElo "2330"]
[BlackElo "2420"]

1.e4 c5 2.Nf3 Nc6 3.Bb5 e6 4.O-O Nge7 5.Nc3 Ng6 6.d4 cxd4 7.Nxd4 Be7 8.Be3 O-O
9.Kh1 a6 10.Be2 b5 11.f4 Bb7 12.Nb3 d6 13.a3 Rc8 14.Bg4 Nh4 15.g3 f5 16.Bh3 Ng6
17.Kg1 b4 18.exf5 Nxf4 19.gxf4 bxc3 20.fxe6 cxb2 21.Rb1 Bf6 22.Bg2 Qc7 23.Rf2 Ne7
24.Qd3 Bxg2 25.Rxg2 Qb7 26.c4 Nf5 27.Bf2 g6 28.Nd4 Ng7 29.Qe2 Qc7 30.Rxb2 Qxc4
31.Qd1 Qc1 32.Rd2 Bxd4 33.Bxd4 Nxe6 34.Be3 Qxd1+ 35.Rxd1 Nxf4 36.Bxf4 Rxf4
37.Rgd2 Ra4 38.Rd3 Rc6 39.Re1 Rg4+ 40.Kf2 Rf4+ 41.Rf3 Rc1 42.h4 Kg7  0-1

[Event "Kishinev Interzonal (Women)"]
[Site "Kishinev"]
[Date "1995.??.??"]
[Round "3"]
[White "Kulish, Irina"]
[Black "Ciuksyte, Dagne"]
[Result "1-0"]
[WhiteElo "2300"]
[BlackElo "2225"]

1.e4 c5 2.Nf3 Nc6 3.Bb5 Nf6 4.Nc3 Nd4 5.e5 Nxb5 6.Nxb5 Nd5 7.Ng5 Qb6 8.Qf3 f6
9.Qxd5 fxg5 10.c4 a6 11.Nc3 e6 12.Qf3 Be7 13.O-O d6 14.exd6 Qxd6 15.d3 Qe5
16.Ne4 g4 17.Qxg4 O-O 18.Bd2 Bd6 19.g3 Bb8 20.Bc3 Qc7 21.Ng5 Rf5 22.h4 h6
23.Ne4 Qf7 24.Qe2 b5 25.b3 Bb7 26.f4 Qg6 27.Kh2 Bc7 28.Qe3 Raf8 29.Nxc5 e5
30.Bxe5 Bxe5 31.fxe5 Rxf1 32.Rxf1 Rxf1 33.Nxb7 Qg4 34.Nd6 Qd1 35.Qe4 Rf2+
36.Kh3 Qf1+ 37.Kg4 Rf8 38.Qd5+ Kh7 39.cxb5 axb5 40.Qe4+ Kg8 41.Nf5 h5+ 42.Kg5 Kh8
43.d4 Qf2 44.e6 Qd2+ 45.Kxh5 Rf6 46.Kg4 Qd1+ 47.Kg5 Qd2+ 48.Ne3 Qf2 49.e7  1-0

[Event "Kishinev Interzonal (Women)"]
[Site "Kishinev"]
[Date "1995.??.??"]
[Round "9"]
[White "Kulish, Irina"]
[Black "Khorava, Miranda"]
[Result "0-1"]
[WhiteElo "2300"]
[BlackElo "2270"]

1.e4 c5 2.Nf3 Nc6 3.Bb5 g6 4.Bxc6 dxc6 5.h3 Bg7 6.Nc3 e5 7.d3 Ne7 8.Be3 Qd6
9.Qd2 h6 10.Nh2 g5 11.Ne2 Ng6 12.Qc3 b6 13.Nf1 Nh4 14.Rg1 O-O 15.O-O-O a5
16.Nd2 Be6 17.Kb1 a4 18.Ng3 Qc7 19.Nh5 Bh8 20.Rde1 a3 21.b3 f5 22.g3 Ng6
23.exf5 Bxf5 24.Qc4+ Kh7 25.Ne4 Qd7 26.Qc3 Rad8 27.g4 Bxe4 28.dxe4 Rf3 29.Ng3 Nf4
30.Qc4 Nxh3 31.Rh1 Nxf2 32.Bxf2 Rxf2 33.Nf5 Bg7 34.Qc3 Rh2 35.Rhf1 Rf2 36.Rh1 Qd2
37.Qc4 Rh2 38.Rhf1 Rf2 39.Rh1 Rd7 40.Qe6 Qxc2+  0-1

[Event "Klatovy op"]
[Site "Klatovy"]
[Date "1995.??.??"]
[Round "6"]
[White "Kucera, Petr"]
[Black "Shurygin, Sergey"]
[Result "1-0"]
[WhiteElo "2305"]
[BlackElo "2295"]

1.e4 c5 2.Nf3 Nc6 3.Bb5 g6 4.Bxc6 dxc6 5.h3 e5 6.d3 f6 7.Be3 Nh6 8.c3 Nf7
9.d4 cxd4 10.cxd4 exd4 11.Qxd4 Qxd4 12.Bxd4 Bg7 13.a4 O-O 14.O-O Re8 15.Nc3 b6
16.b4 Bb7 17.Rac1 a5 18.bxa5 c5 19.Be3 Rxa5 20.Nd2 f5 21.exf5 gxf5 22.Nc4 Ra6
23.Nb5 Re6 24.a5 Rg6 25.f3 Ne5 26.Nxe5 Bxe5 27.axb6 Ra2 28.Rf2 Rxf2 29.Kxf2 Bg3+
30.Kg1 Rxb6 31.Rxc5 Ra6 32.Rc1 Ra2 33.Nc3 Ra3 34.Ne2 Be5 35.Bf4 Ra2 36.Bxe5 Rxe2
37.Bd6 Rd2 38.Bf4 Rd4 39.Be5 Rd7 40.Rb1 Re7 41.Bf6 Rd7 42.Rb5 Bd5 43.Kf2 Kf7
44.Bc3 Ke6 45.Kg3 Rc7 46.Bd4 Rc4 47.Bh8 Rc2 48.Rb6+ Kf7 49.Be5 Bc6 50.h4 Ke6
51.Bf4 Kd7 52.h5 Rc4 53.Rb8 Bd5 54.Be5 Ra4 55.Rd8+ Ke6 56.Re8+ Kf7 57.Rh8 Ke6
58.Bg7 f4+  1-0

[Event "Konik op"]
[Site "?"]
[Date "1995.??.??"]
[Round "?"]
[White "Neuschl, Zdenek"]
[Black "Bolacky, Jiri"]
[Result "1-0"]
[WhiteElo "2145"]
[BlackElo "1965"]

1.e4 c5 2.Nf3 Nc6 3.Bb5 e6 4.O-O Nge7 5.Re1 a6 6.Bf1 d5 7.exd5 Nxd5 8.d4 Be7
9.dxc5 Bxc5 10.c4 Nf6 11.Qxd8+ Nxd8 12.a3 a5 13.Nc3 O-O 14.Na4 Nd7 15.Rd1 b6
16.Bf4 Re8 17.Ne5 Ra7 18.Rd2 Nxe5 19.Bxe5 Rd7 20.Rad1 f6 21.Rxd7 Bxd7 22.Nxc5 bxc5
23.Bc7  1-0

[Event "Konik op"]
[Site "?"]
[Date "1995.??.??"]
[Round "?"]
[White "Talla, Vladimir"]
[Black "Dobrovolsky, Ladislav"]
[Result "1/2-1/2"]
[WhiteElo "2255"]
[BlackElo "2365"]

1.e4 c5 2.Nf3 Nc6 3.Bb5 Qc7 4.Nc3 e6 5.O-O d6 6.Re1 Bd7 7.d4 cxd4 8.Nxd4 Nf6
9.Be3 Be7 10.f4 O-O 11.Nb3  1/2-1/2

[Event "Konik op"]
[Site "?"]
[Date "1995.??.??"]
[Round "?"]
[White "Berezjuk, Sergej"]
[Black "Tallova, Ivana"]
[Result "1-0"]
[WhiteElo "2395"]
[BlackElo "2060"]

1.e4 c5 2.Nf3 Nc6 3.Bb5 g6 4.Bxc6 dxc6 5.h3 Bg7 6.d3 b6 7.Nc3 Nh6 8.Be3 f6
9.Qd2 Nf7 10.h4 h5 11.Nh2 e5 12.O-O-O Be6 13.f4 Qd7 14.Nf3 O-O-O 15.Qe1 exf4
16.Bxf4 Bh6 17.Qe3 Bg4 18.Rdf1 Bxf3 19.gxf3 g5 20.Bh2 Qd4 21.Qxd4 cxd4 22.Ne2 g4+
23.Kd1 Ne5 24.Bxe5 fxe5 25.fxg4 hxg4 26.Ng3 Bf4 27.Nf5 Kc7 28.Rfg1 Rdg8 29.Rg2 a5
30.Rhg1 g3 31.Ke2 Rg4 32.Rh1 Bg5 33.h5 Bf4 34.Kf3 Rgg8 35.Nxd4 Kd7 36.Nf5 Rg5
37.h6 Ke6 38.Nxg3 Bxg3 39.Rxg3 Kf6 40.Rxg5 Kxg5 41.h7  1-0

[Event "Kuopio op1"]
[Site "Kuopio"]
[Date "1995.??.??"]
[Round "?"]
[White "Pyhala, Antti"]
[Black "Kochyev, Alexander"]
[Result "0-1"]
[WhiteElo "2350"]
[BlackElo "2455"]

1.e4 c5 2.Nf3 Nc6 3.Bb5 e6 4.Bxc6 bxc6 5.b3 Ne7 6.O-O Ng6 7.e5 Be7 8.c3 O-O
9.d4 cxd4 10.cxd4 c5 11.Ba3 cxd4 12.Bxe7 Nxe7 13.Qxd4 Bb7 14.Nbd2 Nf5 15.Qf4 d6
16.Nc4 Bxf3 17.Qxf3 d5 18.Nd2 Qg5 19.Rad1 Nd4 20.Qd3 Qxe5 21.Rfe1 Qf4 22.Ne4 Nf5
23.Nc5 Rfc8 24.Qc3 a5 25.a3 Nd6 26.b4 axb4 27.axb4 Rab8 28.Rb1 Ne4 29.Qd4 Qd2
30.Rxe4 Qxd4 31.Rxd4 Rxc5 32.f4 h5 33.Kf2 Rcb5 34.Ke3 f6 35.Kd3 Kf7 36.Kc3 e5
37.fxe5 fxe5 38.Rd2 Ke6 39.Ra2 Rc8+ 40.Kd3 e4+  0-1

[Event "Kuopio op1"]
[Site "Kuopio"]
[Date "1995.??.??"]
[Round "?"]
[White "Pyhala, Antti"]
[Black "Fastberg, Juuso"]
[Result "1-0"]
[WhiteElo "2350"]
[BlackElo "2125"]

1.e4 c5 2.Nf3 Nc6 3.Bb5 e6 4.Bxc6 bxc6 5.b3 d5 6.e5 Nh6 7.d3 Nf5 8.Bb2 h5
9.h4 Be7 10.g3 Rb8 11.Nbd2 Rb4 12.Bc3 Rg4 13.Nh2 Rg6 14.Ndf3 d4 15.Bd2 Qd5
16.Qe2 Ba6 17.O-O-O Bc8 18.Kb1 Bd8 19.Rhg1 a5 20.a4 Bc7 21.Rge1 f6 22.Bf4 Bd8
23.Nd2 Kf7 24.Nhf3 Rg4 25.Nc4 Ba6 26.Ka2 Bxc4 27.bxc4 Qd7 28.Rb1 Re8 29.Nh2 Rg6
30.Qxh5 Ne7 31.Qe2 fxe5 32.Nf3  1-0

[Event "Kuopio op1"]
[Site "Kuopio"]
[Date "1995.??.??"]
[Round "?"]
[White "Kveinys, Aloyzas"]
[Black "Keskisarja, Teemu"]
[Result "1-0"]
[WhiteElo "2525"]
[BlackElo "2260"]

1.e4 c5 2.Nf3 Nc6 3.Bb5 e6 4.O-O Nge7 5.Re1 Nd4 6.Nxd4 cxd4 7.c3 Nc6 8.d3 Bc5
9.c4 O-O 10.a3 d6 11.Nd2 Bd7 12.b4 Bb6 13.Nb3 e5 14.Bd2 a6 15.Ba4 Be6 16.c5 dxc5
17.Nxc5 Bxc5 18.bxc5 Rc8 19.Qb1 Qe7 20.Qb6 Rc7 21.Rab1 Rfc8 22.f4 f6 23.Rf1 h6
24.h3 Nb8 25.fxe5 fxe5 26.Qd6 Nc6 27.Rb6 Rd7 28.Qxe7 Rxe7 29.Rfb1 Nd8 30.Be1 Bd7
31.Bb3+ Kh7 32.Rd6 Bb5 33.Rd1 Nf7 34.Re6 Rce8 35.Rxe7 Rxe7 36.Bg3 Nd8 37.Bd5 Bc6
38.Bc4 g6 39.Rf1 Kg7 40.Bh4 g5 41.Bg3 Bd7 42.Kf2 Nf7 43.Ke2 Nh8 44.Rb1 Ng6
45.Rb6 Nf4+ 46.Kf3 Bc8 47.Bxf4 gxf4 48.c6 bxc6 49.Rxc6 Bb7 50.Rb6 a5 51.h4 Bc8
52.g3 fxg3 53.Kxg3 Rc7 54.Rb8 Bb7 55.Kf3 Bc6 56.Rd8 Rb7 57.Ra8 a4 58.Bd5 Rb6
59.Bxc6 Rxc6 60.Rxa4 Rc3 61.Ke2 Rc2+ 62.Kd1 Rh2 63.Ra5 Rxh4 64.Rxe5 Rh1+
65.Kc2 h5 66.Kb3 Rc1 67.Rxh5 Rc3+ 68.Kb4 Rxd3 69.Rd5 Rd1 70.a4 d3 71.a5 d2
72.Kc3 Re1 73.Rxd2 Rxe4 74.Ra2 Re8 75.a6 Ra8  1-0

[Event "Kuopio op1"]
[Site "Kuopio"]
[Date "1995.??.??"]
[Round "?"]
[White "Koskinen, Henri"]
[Black "Vooremaa, Andres"]
[Result "1/2-1/2"]
[WhiteElo "2260"]
[BlackElo "2305"]

1.e4 c5 2.Nf3 Nc6 3.Bb5 g6 4.Bxc6 dxc6 5.d3 Bg7 6.h3 e5 7.b3 Nf6 8.Bb2 Nd7
9.Nbd2 Qc7 10.Nc4 O-O 11.a4 a5 12.O-O Re8 13.Nh2 b5 14.Ne3 Nf8 15.Qf3 Be6
16.Bc3 f5 17.Qe2 f4 18.Nd1 Ra7 19.Nb2 g5 20.Ra2 Bf7 21.Rfa1 Rea8 22.Qe1 b4
23.Bd2 Ne6 24.Nc4 h5 25.Qd1 Bf6 26.Bc1 Re8 27.Bb2 Nd4 28.Bxd4 cxd4 29.Qe2 Kg7
30.Kf1 Rh8 31.Ke1 Raa8 32.Kd2 Rag8 33.Kc1 Be6 34.Kb2 Kf7 35.f3 Ke7 36.Rg1 Kd7
37.Raa1 Kc8 38.Rh1 Kb7 39.Rag1 Ka6 40.Qd1 Rg7 41.Qe2 Rgh7 42.Rf1 Qd7 43.Rhg1 Rh6
44.Rf2 Rg6 45.Qf1 Qg7 46.Nd2 Bd8 47.Ka2 Rg8 48.Kb2 Kb7 49.Ka2  1/2-1/2

[Event "Kuopio op1"]
[Site "Kuopio"]
[Date "1995.??.??"]
[Round "?"]
[White "Keskisarja, Teemu"]
[Black "Raisa, Unto"]
[Result "1-0"]
[WhiteElo "2260"]
[BlackElo "2230"]

1.e4 c5 2.Nf3 Nc6 3.Bb5 g6 4.Bxc6 dxc6 5.d3 Bg7 6.O-O e5 7.a3 a5 8.a4 Ne7
9.Nbd2 f6 10.b3 O-O 11.Nc4 Be6 12.Bb2 Nc8 13.Qe2 b5 14.Ne3 Nb6 15.c3 b4  1-0

[Event "Kurgan"]
[Site "Kurgan"]
[Date "1995.??.??"]
[Round "2"]
[White "Chuprov, A."]
[Black "Sherbakov, Ruslan"]
[Result "1/2-1/2"]
[WhiteElo "2420"]
[BlackElo "2520"]

1.e4 c5 2.Nf3 Nc6 3.Bb5 e6 4.O-O Nge7 5.c3 a6 6.Ba4 b5 7.Bc2 Bb7 8.a4 Ng6
9.Re1 Rc8 10.d4 cxd4 11.axb5 axb5 12.Nxd4 Nxd4 13.cxd4 Be7 14.Be3 O-O 15.Bd3 b4
16.Nd2 Ra8 17.Qh5 Qb8 18.g3 Bc6 19.Nb3 Rxa1  1/2-1/2

[Event "Kurgan"]
[Site "Kurgan"]
[Date "1995.??.??"]
[Round "6"]
[White "Obukhov, Alexander"]
[Black "Sherbakov, Ruslan"]
[Result "1/2-1/2"]
[WhiteElo "2445"]
[BlackElo "2520"]

1.e4 c5 2.Nf3 Nc6 3.Bb5 e6 4.O-O Nge7 5.c3 a6 6.Ba4 b5 7.Bc2 Bb7 8.a4 Ng6
9.Re1 Rc8 10.d4 cxd4 11.axb5 axb5 12.Nxd4  1/2-1/2

[Event "La Coruna TH op"]
[Site "La Coruna"]
[Date "1995.??.??"]
[Round "6"]
[White "Sanz Alonso, Francisco Javier"]
[Black "Frois, Antonio"]
[Result "1/2-1/2"]
[WhiteElo "2390"]
[BlackElo "2380"]

1.e4 c5 2.Nf3 Nc6 3.Bb5 g6 4.O-O Bg7 5.c3 Nf6 6.Re1 O-O 7.d4 d5 8.exd5 Qxd5
9.c4 Qd6 10.d5 Nd4 11.Nxd4 cxd4 12.Nd2  1/2-1/2

[Event "La Coruna TH op"]
[Site "La Coruna"]
[Date "1995.??.??"]
[Round "8"]
[White "Sanz Alonso, Francisco Javier"]
[Black "Armas, Jorge"]
[Result "1-0"]
[WhiteElo "2390"]
[BlackElo "2425"]

1.e4 c5 2.Nf3 Nc6 3.Bb5 d6 4.O-O Bd7 5.Re1 a6 6.Bf1 g6 7.h3 Bg7 8.c3 e5 9.d4 cxd4
10.cxd4 exd4 11.Bf4 Be6 12.Nbd2 Nge7 13.Nb3 Bxb3 14.Qxb3 Qd7 15.Qa3 Rd8 16.b4 O-O
17.Qb3 Rc8 18.Rad1 b5 19.a4 Rb8 20.axb5 axb5 21.Bc1 Qe6 22.Qb1 h6 23.Rd2 Ra8
24.Bb2 Ra4 25.Nxd4 Bxd4 26.Bxd4 Rxb4 27.Bb2 Ne5 28.Qa1 Rb3 29.Qd1 Rd8  1-0

[Event "Las Palmas op"]
[Site "Las Palmas"]
[Date "1995.??.??"]
[Round "5"]
[White "Barlov, Dragan"]
[Black "Castellano, Jose"]
[Result "1/2-1/2"]
[WhiteElo "2465"]
[BlackElo "2175"]

1.e4 c5 2.Nf3 Nc6 3.Bb5 g6 4.O-O Bg7 5.Re1 Nf6 6.e5 Nd5 7.Nc3 Nc7 8.Bxc6 dxc6
9.Ne4 b6 10.Nf6+ Kf8 11.Ne4 h6 12.b3 Bg4 13.Bb2 Ne6 14.h3 Bxf3 15.Qxf3 Nd4
16.Bxd4 cxd4 17.e6 f5 18.g4 Qd5 19.c4 dxc3 20.dxc3 Bf6 21.c4 fxe4 22.Qxf6+ exf6
23.cxd5 cxd5 24.Rad1 Rd8 25.Rxe4 Ke7 26.Re2 g5 27.Kg2 Rhe8 28.Kg3 Rd6 29.Rc2 Kd8
30.Rcd2 Rexe6 31.Rxd5 Kd7 32.Kf3 Rxd5 33.Rxd5+ Ke7 34.Rd4 Kf7 35.Rd7+ Re7
36.Rxe7+ Kxe7 37.Ke4 Ke6 38.f3 a5 39.a3 b5 40.Kd4 Kd6 41.b4 axb4 42.axb4 Kc6
43.Ke4 Kd6  1/2-1/2

[Event "Las Palmas op"]
[Site "Las Palmas"]
[Date "1995.??.??"]
[Round "7"]
[White "Tatai, Stefano"]
[Black "Durban Piera, Joan"]
[Result "1/2-1/2"]
[WhiteElo "2435"]
[BlackElo "2255"]

1.e4 c5 2.Nf3 Nc6 3.Bb5 e6 4.O-O Nge7 5.Re1 a6 6.Bxc6 Nxc6 7.d4 cxd4 8.Nxd4 d6
9.Nc3 Be7 10.a4 Bd7 11.Nb3 Na5 12.Nxa5 Qxa5 13.Bd2 Qc7 14.a5 b6 15.axb6 Qxb6
16.Qe2 O-O 17.Nd1 Bf6 18.Ba5 Qc5 19.Bc3 Bxc3 20.Nxc3 a5 21.Na4 Qc7 22.Red1  1/2-1/2

[Event "National op"]
[Site "Las Vegas"]
[Date "1995.??.??"]
[Round "3"]
[White "Larsen, Kenneth"]
[Black "Gross, Daniel"]
[Result "1-0"]
[WhiteElo "2360"]
[BlackElo "2150"]

1.e4 c5 2.Nf3 Nc6 3.Bb5 g6 4.Bxc6 dxc6 5.h3 Bg7 6.O-O e5 7.d3 Ne7 8.Be3 b6
9.Re1 O-O 10.Nc3 Qc7 11.Qc1 f6 12.a4 g5 13.a5 Be6 14.Ne2 Ng6 15.c3 g4 16.hxg4 Bxg4
17.Nh2 f5 18.f3 fxe4 19.fxg4 exd3 20.axb6 axb6 21.Rxa8 Rxa8 22.Ng3 c4 23.Nf3 b5
24.Bh6 Bh8 25.Rf1 Re8 26.Qg5 e4 27.Nh4 Qe7 28.Qxe7 Rxe7 29.Nhf5 Re6 30.Bd2 Ne5
31.Nh6+ Kg7 32.Nh5+ Kg6 33.Nf4+ Kxh6 34.Nxe6+ Kg6 35.Nf4+ Kg7 36.Re1  1-0

[Event "Lazne Bohdanec"]
[Site "Lazne Bohdanec"]
[Date "1995.??.??"]
[Round "7"]
[White "Votava, Jan"]
[Black "Vokac, Marek"]
[Result "1/2-1/2"]
[WhiteElo "2395"]
[BlackElo "2475"]

1.e4 c5 2.Nf3 Nc6 3.Bb5 d6 4.d4 cxd4 5.Qxd4 Bd7 6.Bxc6 bxc6 7.O-O e5 8.Qd3 Nf6
9.c4 Be6 10.Nc3 Be7 11.c5 O-O 12.cxd6 Qxd6 13.Qc2 Rfc8 14.Rd1 Qc7 15.h3 h6
16.Be3 Rab8 17.Rac1 Qa5 18.b3 Ba3 19.Rb1 Qc7 20.Bc1 Bf8 21.Bb2 Nd7 22.Rbc1 f6
23.Nh4 Nb6 24.Nf5 g6 25.Ne3 Qf7 26.Qe2 a5 27.Rc2 Ra8 28.Rdc1 a4 29.Nxa4 Nxa4
30.bxa4 Rxa4 31.Rxc6 Rxc6 32.Rxc6 Rxa2 33.Nd5 Bxd5 34.exd5 Qb7 35.Rxf6 Rxb2
36.Qg4 Qxd5 37.Qxg6+ Bg7 38.Rd6 Qa8 39.Rd7 Qf8 40.f3 Rb8 41.Qe6+ Kh8 42.Rf7 Qg8
43.Qf5 Rd8 44.Kh2 Rd4 45.Qh5 Rd6 46.Qf5 Qe8 47.Rc7 Rd8 48.Qg4 Qf8 49.Kg1 Qf6
50.Rc8 Rxc8 51.Qxc8+ Bf8 52.Kf2 Kh7 53.Qc2+ Kg7 54.g3 Bd6 55.Qe4 h5 56.h4 Qg6
57.Qc4 Qf5 58.Kg2 Kf6 59.Qc6 Qd3 60.Qa8 Ke7 61.Qa7+ Ke8 62.Qa2 Kd8 63.Qg8+ Kc7
64.Qf7+ Kb6 65.Qxh5 Qe2+ 66.Kh3 e4 67.Qg6 Qf1+ 68.Kh2 Qf2+ 69.Kh3 e3 70.Qxd6+ Kb5
71.Qd5+ Kb4 72.Qd4+ Kb3 73.Qd3+ Kb2 74.Qd4+ Kc2 75.Qc4+ Kd1 76.Qb3+ Ke2 77.Qc4+ Kd1
78.Qb3+ Kd2  1/2-1/2

[Event "Le Touquet op"]
[Site "Le Touquet"]
[Date "1995.??.??"]
[Round "?"]
[White "Golubev, Mihail"]
[Black "Degraeve, Jean Marc"]
[Result "0-1"]
[WhiteElo "2570"]
[BlackElo "2425"]

1.e4 c5 2.Nf3 Nc6 3.Bb5 g6 4.O-O Bg7 5.c3 Nf6 6.d4 Nxe4 7.d5 Nd6 8.Bd3 Ne5
9.Nxe5 Bxe5 10.Re1 Bf6 11.Bh6 Nf5 12.Bxf5 gxf5 13.d6 e6 14.Na3 Qb6 15.Qd3 Rg8
16.Nb5 Qc6 17.Nc7+ Kd8 18.f3 Rb8 19.Bf4 b5 20.Re2 c4 21.Qxf5 exf5 22.Rae1 Be5
23.Rxe5 Qxd6 24.Nd5 Rb6 25.Rxf5 Qc5+ 26.Be3 Qd6 27.Bf4 Qc5+ 28.Be3 Qc6 29.Bxb6+ axb6
30.Ne7 Qd6 31.Nxg8 Qd2 32.Rfe5 Qxb2 33.Nf6 Bb7 34.Re8+ Kc7 35.R8e7 Bc6 36.R1e2 Qa1+
37.Kf2 b4 38.Rd2 bxc3 39.Re1 Qxe1+ 40.Kxe1 cxd2+ 41.Kxd2 d5 42.Kc3 b5 43.Nxh7 Kb6
44.Ng5 Kc5 45.Nxf7 d4+ 46.Kd2 c3+ 47.Kc2 Kd5 48.h4 b4 49.Ng5 Ba4+  0-1

[Event "Le Touquet op"]
[Site "Le Touquet"]
[Date "1995.??.??"]
[Round "?"]
[White "Belkhodja, Slim"]
[Black "De Lagontrie, Jean"]
[Result "0-1"]
[WhiteElo "2365"]
[BlackElo "2100"]

1.e4 c5 2.Nf3 Nc6 3.Bb5 g6 4.O-O Bg7 5.c3 Nf6 6.Re1 O-O 7.d4 cxd4 8.cxd4 d5
9.e5 Ne4 10.Bxc6 bxc6 11.Nbd2 Nxd2 12.Nxd2 f6 13.e6 Qd6 14.Qe2 f5 15.Nb3 Rb8
16.g3 Rb5 17.Bf4 Qb4 18.Rac1 Bb7 19.Be5 Bh6 20.Rc3 a5 21.a3 Qxc3 22.bxc3 Rxb3
23.Qc2 a4 24.c4 Rc8 25.Rc1 Bf8 26.cxd5 cxd5 27.Qd2 Rxc1+ 28.Qxc1 Ba6 29.f4 Bd3
30.Qc8 Be4 31.g4 Rb1+ 32.Kf2 Rb2+ 33.Kg3 Rg2+ 34.Kh3 Rxg4  0-1

[Event "Leeuwarden op"]
[Site "Leeuwarden"]
[Date "1995.??.??"]
[Round "3"]
[White "Vydeslaver, Alik"]
[Black "Wiersma, Eelke"]
[Result "1/2-1/2"]
[WhiteElo "2445"]
[BlackElo "2280"]

1.e4 c5 2.Nf3 Nc6 3.Bb5 g6 4.Bxc6 bxc6 5.O-O Bg7 6.Re1 Nh6 7.c3 O-O 8.d4 cxd4
9.cxd4 d5 10.e5 Bg4 11.Nbd2 Qb6 12.h3 Bxf3 13.Nxf3 c5 14.dxc5 Qxc5 15.g4 Rfc8
16.Be3 Qb4 17.Qd2 Qxd2 18.Bxd2 f5 19.exf6 exf6 20.Re7 Nf7 21.Be3 Ne5 22.Nxe5 fxe5
23.Bxa7 Rc2 24.Rb7 d4 25.a4 d3 26.Rd1 e4 27.b4 Re2 28.Kf1 Rxa7 29.Rxa7 Bd4
30.Rd7 Rxf2+ 31.Kg1 Be3 32.Kh1 d2 33.b5 Re2 34.Rf1 Re1 35.Kg2 Re2+ 36.Kg3 Re1
37.Rd8+ Kg7 38.Rd7+ Kg8 39.Kg2 Re2+  1/2-1/2

[Event "Leeuwarden op"]
[Site "Leeuwarden"]
[Date "1995.??.??"]
[Round "5"]
[White "Vydeslaver, Alik"]
[Black "Yakovich, Yuri"]
[Result "1/2-1/2"]
[WhiteElo "2445"]
[BlackElo "2560"]

1.e4 c5 2.Nf3 Nc6 3.Bb5 g6 4.Bxc6 bxc6 5.O-O Bg7 6.Re1 Nh6 7.c3 O-O 8.d4 cxd4
9.cxd4 f6 10.Nc3 d6 11.h3 Nf7 12.Be3 Bd7 13.Rc1 Qa5 14.b3 Rad8 15.Qd2 Rfe8
16.Ne2 Qxd2 17.Nxd2 Rc8 18.f3 f5 19.Rc2 e5 20.dxe5 Nxe5 21.Rd1 c5 22.Nc3 Bc6
23.Nf1 fxe4 24.Nxe4 Bxe4 25.fxe4 Nf7 26.Rc4 Rb8 27.Ra4 Rb7 28.Rd3 Bf8 29.Bf4 Bg7
30.Be3 Bf8 31.Bf4 Bg7 32.Be3  1/2-1/2

[Event "Leeuwarden op"]
[Site "Leeuwarden"]
[Date "1995.??.??"]
[Round "8"]
[White "Zagema, Wieb"]
[Black "Kuijf, Marinus"]
[Result "1-0"]
[WhiteElo "2395"]
[BlackElo "2495"]

1.e4 c5 2.Nf3 Nc6 3.Bb5 g6 4.O-O Bg7 5.c3 Nf6 6.e5 Nd5 7.d4 cxd4 8.cxd4 O-O
9.Nc3 Nxc3 10.bxc3 d6 11.e6 fxe6 12.Bd3 Qa5 13.Qb3 Qd5 14.Bc4 Qf5 15.Qd1 d5
16.Bd3 Qh5 17.Be2 Qf5 18.Ba3 Bd7 19.Rb1 b6 20.Bb5 e5 21.Bxc6 Bxc6 22.dxe5 Qd7
23.Re1 Rf4 24.e6 Qc7 25.Nd4 Raf8 26.f3 Be8 27.Bc1 Rh4 28.g3 Qxc3 29.gxh4 Bxd4+
30.Kg2 Qc4 31.Bh6 Rf5 32.Rc1 Bc3 33.Re3 Qxh4 34.Rexc3 Qxh6 35.Rc8 Rf8 36.Rd8 Qg5+
37.Kh1 Ba4 38.Rxf8+ Kxf8 39.Rc8+ Be8 40.Qd4 Qf6 41.Qxd5  1-0

[Event "Leeuwarden op"]
[Site "Leeuwarden"]
[Date "1995.??.??"]
[Round "8"]
[White "Chernyshov, Konstantin"]
[Black "Knoppert, Erik G J"]
[Result "1-0"]
[WhiteElo "2505"]
[BlackElo "2400"]

1.e4 c5 2.Nf3 Nc6 3.Bb5 g6 4.O-O Bg7 5.Qe2 Nf6 6.e5 Nd5 7.Qc4 Nc7 8.Bxc6 dxc6
9.Qxc5 Bg4 10.Nd4 O-O 11.Nc3 Na6 12.Qc4 c5 13.Nc6 bxc6 14.Qxa6 Qb6 15.Qa4 Bf5
16.Re1 Rfd8 17.d3 Qc7 18.f4 f6 19.Qc4+ Kh8 20.Qxc5 Qb6 21.Qf2 fxe5 22.fxe5 Rd4
23.Be3 Bxe5 24.Ne2 c5 25.Nxd4 cxd4 26.Bf4 Bf6 27.Be5  1-0

[Event "Leeuwarden op"]
[Site "Leeuwarden"]
[Date "1995.??.??"]
[Round "9"]
[White "Delanoy, Arnaud"]
[Black "Ellenbroek, Ton"]
[Result "1-0"]
[WhiteElo "2155"]
[BlackElo "2120"]

1.e4 c5 2.Nf3 Nc6 3.Bb5 g6 4.O-O Bg7 5.c3 Nf6 6.d4 cxd4 7.cxd4 O-O 8.d5 a6
9.Ba4 b5 10.dxc6 bxa4 11.Qxa4 dxc6 12.Nc3 Qc7 13.Be3 Bg4 14.e5 Bxf3 15.exf6 Bxf6
16.gxf3 Rab8 17.Rac1 Rxb2 18.Nd5 Qe5 19.Nxf6+ Qxf6 20.Qxc6 Qf5 21.Qe4 Qh5
22.Rc5 Qh3 23.Qg4 Qxg4+ 24.fxg4 Rxa2 25.Rc7 Ra4 26.h3 e6 27.Bh6 Rd8 28.Rb1 f5
29.Rg7+ Kh8  1-0